Library of the University of Algiers 3
Ibrahim Sultan Cheibout
شعار جامعة الجزائر 3
مكتبة جامعة الجزائر 3
إبراهيم سلطان شيبوط

مبادئ الإقتصاد الجزئي / (رقم التسجيلة. 43171)

تفاصيل مارك
000 -LEADER
fixed length control field 01253nam a2200265Ia 4500
003 - CONTROL NUMBER IDENTIFIER
control field Ost
005 - DATE AND TIME OF LATEST TRANSACTION
control field 20260507075127.0
008 - FIXED-LENGTH DATA ELEMENTS--GENERAL INFORMATION
fixed length control field 260507s9999||||xx |||||||||||||| ||und||
020 ## - INTERNATIONAL STANDARD BOOK NUMBER
International Standard Book Number 9957241710
040 ## - CATALOGING SOURCE
Transcribing agency fsecg
041 ## - LANGUAGE CODE
Language code of text/sound track or separate title ara
082 ## - DEWEY DECIMAL CLASSIFICATION NUMBER
Classification number 330
100 ## - MAIN ENTRY--PERSONAL NAME
Personal name عبد الرحيم، حسن توفيق
Relator term مؤلف
245 #0 - TITLE STATEMENT
Title مبادئ الإقتصاد الجزئي /
Statement of responsibility, etc. حسن توفيق عبد الرحيم
260 ## - PUBLICATION, DISTRIBUTION, ETC.
Place of publication, distribution, etc. عمان:
Name of publisher, distributor, etc. دار صفاء,
Date of publication, distribution, etc. 2005
300 ## - PHYSICAL DESCRIPTION
Extent 445 صفحة؛
Other physical details إيضاحات ؛
Dimensions 25 سم
520 ## - SUMMARY, ETC.
Summary, etc. المشكلة الإقتصادية والمفاهيم المتعلقة بها-علم الإقتصاد وأنواعه- نظرية القيمة والطلب على السلع والخدمات- العرض من السلع والخدمات- تفاعل قوي الطلب والعرض في السوق- المرونات- سلوك المستهلك- الإنتاج والتكاليف- توازن المؤسسة في ظل الأسواق المختلفة- أسواق عناصر الإنتاج
653 ## - INDEX TERM--UNCONTROLLED
Uncontrolled term الأسواق
653 ## - INDEX TERM--UNCONTROLLED
Uncontrolled term الإقتصاد
653 ## - INDEX TERM--UNCONTROLLED
Uncontrolled term الإنتاج
653 ## - INDEX TERM--UNCONTROLLED
Uncontrolled term التكاليف
653 ## - INDEX TERM--UNCONTROLLED
Uncontrolled term الطلب والعرض
653 ## - INDEX TERM--UNCONTROLLED
Uncontrolled term سلوك المستهلك
942 ## - ADDED ENTRY ELEMENTS (KOHA)
Koha item type كتب

لا توجد مواد متاحة.

موارد الويب المفتوحة


© University of Algiers 3 All Rights Reserved
|
Implemented by LECHELAH Riad